000 00459nam a22001817a 4500
005 20251108165434.0
008 250721s2002 xx 000 0 ara d
082 1 4 _a133.3/مين
100 1 _aالمنياوي، فاطمة
245 1 0 _aتوقعات فلكية /
264 1 _aعمان :
_c2002.
300 _a167ص
650 1 7 _aالأبراج
650 1 7 _aالتنبؤات
650 1 7 _aعلم التنجيم
942 _2ddc
_cBK
999 _c27947
_d27947